| 000 | 00372nam a2200157Ia 4500 | ||
|---|---|---|---|
| 100 | _aMouratidis/H/ Giorgini/P | ||
| 650 | _aSoftware Engineering | ||
| 942 | _cRB | ||
| 366 | _f20 | ||
| 654 | _asecurity | ||
| 245 | _aIntegrating security and software engineering | ||
| 260 |
_bIdea Group Publishers _c2007 |
||
| 082 |
_a5.8 _bMOU |
||
| 300 | _a288 | ||
| 546 | _aENGLISH | ||
| 999 |
_c22910 _d22910 |
||